| 000 | 00337nam a22001457a 4500 | ||
|---|---|---|---|
| 020 | _qPB. | ||
| 040 | _cFIZZA ISHAQ | ||
| 082 |
_a624.182 _bMCC |
||
| 100 |
_aMCCORMAC, JACK . _989312 |
||
| 245 |
_aSTRUCTURAL STEEL DESIGN / _cJACK MCCORMAC. |
||
| 250 | _a5th ED. | ||
| 260 |
_bPEARSON, _c2012. |
||
| 300 | _a736 P. ; | ||
| 942 |
_2ddc _cBK |
||
| 999 |
_c588092 _d588092 |
||